The lays of beleriand : (Record no. 20919)
[ view plain ]
| 000 -LEADER | |
|---|---|
| fixed length control field | 00486nam a2200169 a 4500 |
| 005 - DATE AND TIME OF LATEST TRANSACTION | |
| control field | 20140310183259.0 |
| 008 - FIXED-LENGTH DATA ELEMENTS--GENERAL INFORMATION | |
| fixed length control field | 021212s19uu xx 00 eng d |
| 020 ## - INTERNATIONAL STANDARD BOOK NUMBER | |
| International Standard Book Number | 0345388186 |
| 050 ## - LIBRARY OF CONGRESS CALL NUMBER | |
| Classification number | PR 6039 |
| Item number | .T649lb 1994 |
| 100 ## - MAIN ENTRY--PERSONAL NAME | |
| Personal name | Tolkien, J. R. R. |
| 245 ## - TITLE STATEMENT | |
| Title | The lays of beleriand : |
| Remainder of title | the history of the middle earth / |
| Statement of responsibility, etc | J. R. R. Tolkien. |
| 260 ## - PUBLICATION, DISTRIBUTION, ETC. (IMPRINT) | |
| Place of publication, distribution, etc | U. S. A : |
| Name of publisher, distributor, etc | Ballantine Books, |
| Date of publication, distribution, etc | 1994. |
| 300 ## - PHYSICAL DESCRIPTION | |
| Extent | 465 p. : |
| Dimensions | 18 cm. |
| 650 ## - SUBJECT ADDED ENTRY--TOPICAL TERM | |
| Topical term or geographic name as entry element | Fiction |
| 942 ## - ADDED ENTRY ELEMENTS (KOHA) | |
| Koha item type | Books |
| Source of classification or shelving scheme | Library of Congress Classification |
No items available.